000 00538nam a22001697a 4500
005 20231027063019.0
008 231027b |||||||| |||| 00| 0 eng d
020 _a9780409052084 ; 978040905209
041 _aEnglish
082 _a346.7 SAN
100 _aSaner, J
_lEnglish
245 _aAgreements in Restraint of Trade in South African Law /
_cJ Saner
260 _aDurban :
_bLexisNexis (Pty) Ltd,
_c1999
300 _bviii, 131 pages ;
_c26 cm.
650 _aLegal practice
_bLaw
942 _cBK
_6ALISON_BN_VRIES
999 _c101
_d101